| 000 | 01956cam a22004934i 4500 | ||
|---|---|---|---|
| 003 | PE-LiUPU | ||
| 005 | 20250731173421.0 | ||
| 008 | 150706s r 000 0 d | ||
| 020 | _a9780851514161 | ||
| 035 | _a(Sirsi) i9780851514161 | ||
| 040 |
_aPE-LiUPU _bspa _cPE-LiUPU _erda |
||
| 049 | _aPRUA | ||
| 082 | 0 | 4 |
_a231.7 _bP592008 _221 |
| 100 | 1 |
_aPinik, A. W., _eautor. |
|
| 245 | 1 | 3 |
_aLa soberanía de Dios / _cA. W. Pink. |
| 250 | _a5a | ||
| 264 | 1 |
_aGran Bretaña : _bEl estandarte de la verdad, _c2008. |
|
| 300 |
_a166 páginas ; _c22 cm. |
||
| 336 |
_atext _2rdacontent |
||
| 337 |
_aunmediated _2rdamedia |
||
| 338 |
_avolume _2rdacarrier |
||
| 505 | 0 | _aLa soberanía de Dios y nuestra época -- Definición de la soberanía de Dios -- La soberanía de Dios en la creación -- La soberanía de Dios en su providencia -- La soberanía de Dios en la salvación -- La soberanía de Dios en operación -- La soberanía de Dios y la voluntad del hombre -- La soberanía de Dios y la oración -- Nuestra actitud hacia la soberanía de Dios -- El valor de esta doctrina. | |
| 526 | _aSEG42 | ||
| 526 | _aSEG41 | ||
| 526 | _aSEG40 | ||
| 526 | _aSEG39 | ||
| 526 | _aP94 | ||
| 526 | _aP87 | ||
| 526 | _aP86 | ||
| 526 | _aP85 | ||
| 526 | _aP77 | ||
| 526 | _aP76 | ||
| 526 | _aP35 | ||
| 541 | _g001-0000588; | ||
| 650 | 0 | 4 |
_aDios. _93786 |
| 650 | 0 | 4 | _aProvidencia divina. |
| 700 | 1 |
_aBlanch, José María, _etr. |
|
| 910 |
_agl _bjv _clch _d20120624 |
||
| 942 |
_2ddc _cBOOK |
||
| 949 |
_a231.7 P59 2008 _wDEWEY _c1 _i64936 _lCCODEBUL1 _mBUL _p16.00 _r0 _sY _tBOOK _u2015-7-6 _xTEOLOGIA _PP35 _o.STAFF. Colección General |
||
| 994 |
_aC0 _bPEPRU |
||
| 596 | _a1 | ||
| 999 |
_a231.7 P59 2008 _wDEWEY _c53645 _i64936 _f2021-11-9 _g5 _lCCODEBUL1 _mBUL _p16.00 _r0 _sY _tBOOK _u2015-7-6 _xTEOLOGIA _PP35 _0COMPRA _o.STAFF. Colección General _d53645 |
||
| 980 |
_81 _gALBERTO SANCHEZ Responsable de Automatización |
||